zpět

Detail výsledku týmu

Tenis klub, Pardubice

Datum a čas kvízu

39.5 Celkem bodů Celkový počet nahraných bodů na tomto kvízu bez doplňovacích otázek.
3. Pořadí na kvízu Konečné umístění týmu na tomto kvízu.

Zaznamenané odpovědi

# Otázka Odpověď Body Výsledky
1. Ministr průmyslu a obchodu Kar... Ministerstvo hospodářství 1
2. Zsolt Hegedűs zboural minulé p... B) zdravotnictví 1
3. Taylor Momsen, zpěvačka kapely... pavouk 1
4. Britský výrobce nejluxusnějšíc... Nightingale (slavík) 1
5. Kteří dva trenéři, již v této... Zdeněk Moták, Pavel Gross 0.5
6. Vítězné téma FB hlasování zahá... Luděk Marold, bitva u Lipan 1
7. Přiřaďte jednotlivá města k je... 1B 2D 3A 4C 1
8. „Co až budeme nahoře, to teprv... Homolka a tobolka; Marie Motlová 0.5
9. Panorama je služba webové strá... na Pradědu 1
10. Na závěr si dáme noční pohled... Řím 0